Mortars and cements (Record no. 102003)

MARC details
000 -LEADER
fixed length control field 00887cam a2200253 4500
008 - FIXED-LENGTH DATA ELEMENTS--GENERAL INFORMATION
fixed length control field 020415n1997 000 0 eng u
020 ## - INTERNATIONAL STANDARD BOOK NUMBER
International Standard Book Number 1873394268
035 ## - SYSTEM CONTROL NUMBER
System control number (Sirsi) u117487
041 ## - LANGUAGE CODE
Language code of text/sound track or separate title eng.
050 ## - LIBRARY OF CONGRESS CALL NUMBER
Classification number 691.5
100 ## - MAIN ENTRY--PERSONAL NAME
Personal name Vicat, L.
245 ## - TITLE STATEMENT
Title Mortars and cements
260 ## - PUBLICATION, DISTRIBUTION, ETC.
Place of publication, distribution, etc. Donhead
Name of publisher, distributor, etc. Donhead
Date of publication, distribution, etc. 1997
300 ## - PHYSICAL DESCRIPTION
Extent 352p.
Dimensions 23cm.
350 ## - PRICE (NR) (BK AM CF MU VM SE) [OBSOLETE]
Price 30
520 ## - SUMMARY, ETC.
Summary, etc. Vicat's text, which reveals his investigations into the nature and use of limes, first appeared in 1837. In it he critically reviews the practices of the time sifting the good ones from the bad. The classification prepared by Vicat is still valid today, and enables the best possible use to be made of any lime.
650 ## - SUBJECT ADDED ENTRY--TOPICAL TERM
Topical term or geographic name entry element MORTARS
650 ## - SUBJECT ADDED ENTRY--TOPICAL TERM
Topical term or geographic name entry element CEMENT
650 ## - SUBJECT ADDED ENTRY--TOPICAL TERM
Topical term or geographic name entry element LIME
650 ## - SUBJECT ADDED ENTRY--TOPICAL TERM
Topical term or geographic name entry element LIMESTONES
650 ## - SUBJECT ADDED ENTRY--TOPICAL TERM
Topical term or geographic name entry element HYDRAULIC LIMES
690 ## - LOCAL SUBJECT ADDED ENTRY--TOPICAL TERM (OCLC, RLIN)
Topical term or geographic name as entry element BUILT ENVIRONMENT-BUILDING MATERIALS
942 ## - ADDED ENTRY ELEMENTS (KOHA)
Suppress in OPAC 0
Holdings
Withdrawn status Lost status Source of classification or shelving scheme Damaged status Not for loan Home library Current library Shelving location Date acquired Cost, normal purchase price Total Checkouts Full call number Barcode Date last seen Date last checked out Copy number Cost, replacement price Price effective from Koha item type
    Dewey Decimal Classification     London London Books 22/05/2002 25.50 2 691.5 VIC 30065826 06/08/2019 13/03/2006 1 25.50 06/08/2019 Book